000 01141nmm a2200373 a 4500
003 AR-BaBNM
005 20251128203641.0
008 277019s1962 ||||||||||||||000 | spa||
040 _cAR-BaBNM
245 1 0 _aEstudios sobre la dislexia infantil
260 _aSanta Fe
_bMinisterio de Cultura y Educación de la Nación
_c1962
300 0 _a322 p.
_bláms., diagr., tablas
504 _aBibliografía: p. 312-315
650 4 _aLENGUAJE DEL NINO
650 4 _aDISLEXIA
650 4 _aPRUEBAS DE LENGUAJE
650 4 _aTRASTORNOS DEL HABLA
650 4 _aENFERMEDADES DEL SISTEMA NERVIOSO
650 4 _aDIFICULTAD EN LA LECTURA
650 4 _aDIFICULTADES EN EL APRENDIZAJE
650 4 _aEDUCACION ESPECIAL
650 4 _aPSICOLOGIA DEL NINO
650 4 _aPRUEBAS DE RENDIMIENTO
653 0 _aTRASTORNOS DEL LENGUAJE
653 0 _aTARTAMUDEZ
700 1 _aBernaldo de Quirós, Julio
700 1 _aDella Cella, Matilde A.
700 1 _aCarrara, Diomira
700 1 _aAllegro, Luis A.
700 1 _aCastellanos, Luis Arturo
_eprologuista
700 1 _aPallotti, Roberto
_eprologuista
942 _cBK
998 _cSILVI
999 _c4325
_d4325